Detalles MARC
| 000 -LEADER |
| fixed length control field |
01555nam a2200397 i 4500 |
| 001 - CONTROL NUMBER |
| control field |
30322 |
| 003 - CONTROL NUMBER IDENTIFIER |
| control field |
Mx-PuUPA |
| 005 - DATE AND TIME OF LATEST TRANSACTION |
| control field |
20260217151339.0 |
| 008 - FIXED-LENGTH DATA ELEMENTS--GENERAL INFORMATION |
| fixed length control field |
140415s2017 mx a gr 001 0 spa d |
| 020 ## - INTERNATIONAL STANDARD BOOK NUMBER |
| International Standard Book Number |
9786077363927 |
| Qualifying information |
Fontamara |
| 020 ## - INTERNATIONAL STANDARD BOOK NUMBER |
| International Standard Book Number |
9786075132693 |
| Qualifying information |
UAQ |
| 040 ## - CATALOGING SOURCE |
| Transcribing agency |
Mx-PuUPA |
| Original cataloging agency |
Mx-PuUPA |
| Language of cataloging |
spa |
| Modifying agency |
Mx-PuUPA |
| Description conventions |
rda |
| 041 0# - LANGUAGE CODE |
| Language code of text/sound track or separate title |
spa |
| 043 ## - GEOGRAPHIC AREA CODE |
| Geographic area code |
n-mx--- |
| 100 1# - MAIN ENTRY--PERSONAL NAME |
| Personal name |
Lara Gómez, Graciela, |
| Relator term |
autor |
| 9 (RLIN) |
17042 |
| 245 10 - TITLE STATEMENT |
| Title |
Finanzas populares en México / |
| Statement of responsibility, etc. |
Graciela Lara Gómez, Felipe Abelardo Pérez Sosa, Jesús Hurtado Maldonado |
| 250 ## - EDITION STATEMENT |
| Edition statement |
Primera edición / |
| Remainder of edition statement |
marzo |
| 264 #1 - PRODUCTION, PUBLICATION, DISTRIBUTION, MANUFACTURE, AND COPYRIGHT NOTICE |
| Place of production, publication, distribution, manufacture |
Ciudad de México : |
| Name of producer, publisher, distributor, manufacturer |
Editorial Fontamara ; |
| -- |
Universidad Autónoma de Querétaro, |
| Date of production, publication, distribution, manufacture, or copyright notice |
2017 |
| 300 ## - PHYSICAL DESCRIPTION |
| Extent |
359 páginas : |
| Other physical details |
ilustraciones, gráficas, tablas (blanco y negro) ; |
| Dimensions |
21 cm |
| 336 ## - CONTENT TYPE |
| Fuente |
rdacontent |
| Content type term |
texto |
| Content type code |
txt |
| 337 ## - MEDIA TYPE |
| Source |
rdamedia |
| Media type term |
sin medio |
| Media type code |
n |
| 338 ## - CARRIER TYPE |
| Source |
rdacarrier |
| Carrier type term |
volumen |
| Carrier type code |
nc |
| 490 ## - SERIES STATEMENT |
| Series statement |
Colección Argumentos |
| Volume/sequential designation |
379 |
| 650 #7 - SUBJECT ADDED ENTRY--TOPICAL TERM |
| Source of heading or term |
armarc |
| Topical term or geographic name entry element |
Microfinanzas |
| 650 #7 - SUBJECT ADDED ENTRY--TOPICAL TERM |
| Source of heading or term |
armarc |
| Topical term or geographic name entry element |
Microfinanzas |
| Geographic subdivision |
México |
| 650 #7 - SUBJECT ADDED ENTRY--TOPICAL TERM |
| Source of heading or term |
armarc |
| Topical term or geographic name entry element |
Bancos cooperativos |
| Geographic subdivision |
México |
| 650 #7 - SUBJECT ADDED ENTRY--TOPICAL TERM |
| Source of heading or term |
armarc |
| Topical term or geographic name entry element |
Instituciones financieras |
| Geographic subdivision |
México |
| 650 #7 - SUBJECT ADDED ENTRY--TOPICAL TERM |
| Source of heading or term |
armarc |
| Topical term or geographic name entry element |
Finanzas |
| Geographic subdivision |
México |
| Chronological subdivision |
Siglo XXI |
| 700 1# - ADDED ENTRY--PERSONAL NAME |
| Personal name |
Pérez Sosa, Felipe Abelardo, |
| Relator term |
autor |
| 700 1# - ADDED ENTRY--PERSONAL NAME |
| Personal name |
Hurtado Maldonado, Jesús, |
| Relator term |
autor |
| 942 ## - ADDED ENTRY ELEMENTS (KOHA) |
| Source of classification or shelving scheme |
Dewey Decimal Classification |
| Koha item type |
Libro |
| Classification part |
332.60972 |
| Item part |
L38 |